000 00613nam a22002177a 4500
003 OSt
005 20140710183923.0
008 140710b xxu||||| |||| 00| 0 eng d
020 _a0323017169
040 _cDNLM
082 _aQY90 K143c 2003
_bL
100 _aKaplan Lawrence A.
_9454
245 _aClinical chemistry:
_btheory, analysis, correlation
250 _a4th ed.
260 _aLondon:
_bMosby
_c2003
300 _axvi,1179p;
_bill
_c28cm
504 _aBibliographies, index included.
650 _aClinical chemistry
_9428
700 _aPesce Amadeo J., Kazmierczak Steven C.
_9455
942 _2z
_cO_SHELF
999 _c173
_d173